Datum a čas kvízu
22.5
Celkem bodů
Celkový počet nahraných bodů na tomto kvízu bez doplňovacích otázek.
9.
Pořadí na kvízu
Konečné umístění týmu na tomto kvízu.
Zaznamenané odpovědi
| # | Otázka | Odpověď | Body | Výsledky |
|---|---|---|---|---|
| 1. | Centrum pro výzkum veřejného m... | 1A 2B 3D 4C | 0 | |
| 2. | Dvacetiletá Árifa Sultánaová z... | má dvě dělohy (uznáváme i zdvojenou dělohu) | 1 | |
| 3. | Čtvrté manželství amerického h... | Nicolas Cage | 0 | |
| 4. | Tři moravské pivovary přestan... | Litovel, Zubr, Holba | 1 | |
| 5. | Fotbalistům Colchesteru United... | hamburger | 0 | |
| 6. | Vaším úkolem bude uhodnout kře... | Jan / Stanislav Tříska | 0.5 | |
| 7. | Čtvrté nejčastější příjmení v... | Petr / Pavel / Petra Svoboda | 0 | |
| 8. | Úspěšný kanadský režisér se na... | James / David Cameron | 0 | |
| 9. | Slovenský jazzový a bluesový z... | Peter / Dua Lipa | 1 | |
| 10. | Tento francouzský filozof, spi... | Jean-Jacques / Henri Rousseau | 0 |